Statistiques concernant Quiz sur les Maldives

Cliquez ici pour prendre le quiz!

Statistiques générales

  • Ce quiz a été pris 2 290 fois
  • Le résultat moyen est 12 sur 16

Statistiques - réponses

QuestionRéponse% Correct
Océan dans lequel les Maldives se situentOcéan Indien
98%
Pays le plus proche sur le continent asiatiqueInde
97%
Religion d'État, arrivée aux Maldives en l'an 1153Islam
92%
Type de catastrophe naturelle qui a ravagé les Maldives en 2004Tsunami
89%
Pays qui possédait les Maldives jusqu'en 1965Royaume-Uni
87%
Secteur qui compte pour 28% du PIB des MaldivesTourisme
83%
Cela fait des Maldives l'un des pays les plus menacés par ce phénomène climatiqueMontée des eaux
82%
Capitale et plus grande villeMalé
81%
Les Maldives sont le pays ayant la plus basse ____ moyenne du mondeAltitude
78%
Par habitant, les Maldives mangent plus de ce type d'animal que n'importe quel autre paysPoisson
69%
Religion pratiquée aux Maldives avant cette dateBouddhisme
67%
Objet qui figure sur le drapeau national des MaldivesCroissant
61%
Mot français originaire de cette langue, qui désigne une île coralienne entourant un lagonAtoll
54%
Devise monétaireRufiyaa
44%
Langue officielleMaldivien
42%
Jusqu'au XVIème siècle, les Maldives ont fourni des _____
à de nombreux pays qui les utilisaient comme monnaie
Coquillages
34%

Distribution des résultats

Percentile par nombre de réponses

% des personnes avec chaque résultat

Votre développement - résultats

Vous n’avez pas pris ce quiz